Тепломассообмен - V: материалы V Всесоюзной конференции по тепломассообмену

Xehetasun bibliografikoak
Egile korporatiboa: Академия наук Белорусской ССР (АН БССР) Институт тепло- и массообмена им. А. В. Лыкова (ИТМО), Тепломассообмен - V конференция
Hizkuntza:errusiera
Argitaratua: Минск, [Б. и.], 1976
Formatua: MixedMaterials Liburua
KOHA link:https://koha.lib.tpu.ru/cgi-bin/koha/opac-detail.pl?biblionumber=263044

MARC

LEADER 00000nam1a2200000 4500
001 263044
005 20231031222252.0
035 |a (RuTPU)RU\TPU\book\286028 
090 |a 263044 
100 |a 20140605d1976 k y0rusy50 ca 
101 0 |a rus 
102 |a BY 
200 1 |a Тепломассообмен - V  |e материалы V Всесоюзной конференции по тепломассообмену  |f Академия наук Белорусской ССР (АН БССР), Институт тепло- и массообмена им. А. В. Лыкова (ИТМО) 
210 |a Минск  |c [Б. и.]  |d 1976 
712 0 2 |a Академия наук Белорусской ССР (АН БССР)  |b Институт тепло- и массообмена им. А. В. Лыкова (ИТМО)  |c (Минск)  |2 stltpush  |3 (RuTPU)RU\TPU\col\11896 
712 1 2 |a Тепломассообмен - V  |b конференция  |d 5  |e Минск  |f 1976 
801 1 |a RU  |b 63413507  |c 20140605 
801 2 |a RU  |b 63413507  |c 20190614  |g RCR 
942 |c BK